000 00642nam a2200217Ia 4500
005 20250923144638.0
008 008 250917s9999 xx 000 0 eng d
037 _aTextual
040 _aDSWL
_beng
_cDSWL
041 _aeng
_2eng
084 _aX.97.7376.N3Y7, J1
_qDSWL
100 _aWhyte, William Foote
_9826954
245 0 _aPattern for Industrial peace
_cby William Foote Whyte
260 _aNew York
_b Harper & Brothers Pub.
_c1951
300 _aix,245p.
365 _aUSD
_b3.6
700 _aFoote
_9826955
925 _g3.6
942 _cTEXL
_hX.97.7376.N3Y7, J1
999 _c1441577
_d1441577